| 000 | 00451cam a22001217a 4500 | ||
|---|---|---|---|
| 008 | 180718b1976 xxu||||| |||| 00| 0 eng d | ||
| 082 | _aA81x54 In2/71/2/Pt 6 C/1 | ||
| 100 | _aCensus of India 1971 | ||
| 245 | _aAndhra Pradesh: village re-study of Panchalamarri (Madanapalla taluk) Chittor district | ||
| 260 |
_aDelhi _bThe Controller of Publications _c1976 |
||
| 300 | _a182+p. | ||
| 440 | _aCensus of India 1971. Series-2, Andhra Pradesh. Part VI C-(i) | ||
| 999 |
_c484877 _d484877 |
||